El Quijote

Gardado en:
Detalles Bibliográficos
Autor Principal: Avellaneda, Alonso F. de (Author)
Formato: Libro
Idioma:Lingua castelá
Publicado: Buenos Aires Espasa Calpe 1946
Series:Colección Austral, 603
Subjects:
Tags: Engadir etiqueta
Sen Etiquetas, Sexa o primeiro en etiquetar este rexistro!

MARC

LEADER 00000nam a2200000 a 4500
001 UCU9361
003 CL-VaPUC
008 960816e19460000AG |||||||||||||||||spa|d
082 0 4 |a 863  |b AVE  |2 21 
100 0 |a Avellaneda, Alonso F. de  |e author  |9 368409 
245 1 3 |a El Quijote 
300 |a v 
942 |c BK 
945 |d 19960816 00:00:00  |a rbrito 
260 |a Buenos Aires  |b Espasa Calpe  |c 1946 
650 0 |a Novelas españolas  |9 265052 
583 |a last modification  |c 19960816 00:00:00  |k Rodrigo Vera 
490 0 |a Colección Austral, 603 
999 |c 251119  |d 251117 
952 |0 0  |1 0  |4 0  |6 863_000000000000000_AVE_1946  |7 0  |8 A  |9 270081  |a BIBEDU  |b BIBEDU  |d 2019-11-19  |h v.2  |i 3220729  |l 1  |o 863 AVE 1946  |p 3220729  |r 2023-10-11  |s 2023-10-11  |w 2019-11-19  |y BK  |k LIT